ARRUPE JESUIT UNIVERSITY

CORONAVIRUS -STOP THE SPREAD - CLEAN,DISINFECT,COVER

Marriage divorce and nullity (Record no. 119511)

MARC details
000 -LEADER
fixed length control field 00437nam a22001337a 4500
005 - DATE AND TIME OF LATEST TRANSACTION
control field 20140106123935.0
008 - FIXED-LENGTH DATA ELEMENTS--GENERAL INFORMATION
fixed length control field 140106b xxu||||| |||| 00| 0 eng d
050 ## - LIBRARY OF CONGRESS CALL NUMBER
Classification number BX2550.
Item number R62 1987
100 ## - MAIN ENTRY--PERSONAL NAME
Personal name Robinson, Geoffrey
9 (RLIN) 6516
245 ## - TITLE STATEMENT
Title Marriage divorce and nullity
Remainder of title a guide to the annulment precess in the Catholic Church
Statement of responsibility, etc Robinson, Geoffrey
260 ## - PUBLICATION, DISTRIBUTION, ETC. (IMPRINT)
Place of publication, distribution, etc Ontario
Name of publisher, distributor, etc Novalis
Date of publication, distribution, etc 1987
300 ## - PHYSICAL DESCRIPTION
Extent 104p.;
Other physical details 21cm.
942 ## - ADDED ENTRY ELEMENTS (KOHA)
Source of classification or shelving scheme Library of Congress Classification
Item type Monograph ( Printed materials)
Holdings
Withdrawn status Lost status Source of classification or shelving scheme Damaged status Not for loan Collection code Home library Current library Shelving location Date acquired Total Checkouts Full call number Barcode Date last seen Price effective from Koha item type
    Library of Congress Classification     Main Collection ARRUPE LIBRARY ARRUPE LIBRARY Main Collection 06/01/2014   BX2550. R62 1987 46410397 22/11/2017 06/01/2014 Monograph ( Printed materials)

 

Arrupe Library. PO Box MP320 Mt Pleasant, Harare, Zimbabwe
263 242 745411|librarian@aju.ac.zw